000 00690nam a22002537a 4500
001 BR7375052
003 BR-BrBNA
005 20230928084404.0
007 ta
008 230509b bl.||||| |||| 00| 0 por d
040 _aBR-BrBNA
_bpor
_cBiblioteca Nacional de Agricultura
041 _a(Por)
072 _aE70
_b/G514
090 _ E70 BR7375052
110 1 _aCompanhia Brasileira de Alimentos, Brasilia, DF (Brasil)
_92295
245 1 _aCompanhia Brasileira de Alimentos - COBAL
260 3 _aBrasilia, DF (Brasil):
_c[nd].
300 _a6 p.
500 _a1975?
650 _aCOMERCIALIZACAO
650 _aABASTECIMENTO
909 _a202309
_bLucia
_c55
_dLucia Elande
942 _cBK
999 _c18613
_d18613